header

CWDP (Record no. 137135)

MARC details
000 -LEADER
fixed length control field 01286nam a2200313Ia 4500
082 04 - DEWEY DECIMAL CLASSIFICATION NUMBER
Classification number 621.384076
245 00 - TITLE STATEMENT
Title CWDP
250 ## - EDITION STATEMENT
Edition statement 1st ed.
260 ## - PUBLICATION, DISTRIBUTION, ETC. (IMPRINT)
Place of publication San Francisco :
Name of publisher Sybex,
Year of publication 2011.
300 ## - PHYSICAL DESCRIPTION
Number of Pages lxi, 799 p.
500 ## - GENERAL NOTE
General note Includes index.
650 #0 - SUBJECT ADDED ENTRY--TOPICAL TERM
Topical Term Wireless LANs
Topical Term Telecommunications engineers
700 1# - ADDED ENTRY--PERSONAL NAME
Personal name Jackman, Shawn M.,
856 40 - ELECTRONIC LOCATION AND ACCESS
Uniform Resource Identifier http://site.ebrary.com/lib/rucke/Doc?id=10447796

No items available.

© 2026 Rongo University
Contact us: librarian | system librarian | Rongo university